ბათუმის შოთა რუსთაველის სახელმწიფო უნივერსიტეტის ბიბლიოთეკა

Geopolitics and the Quest for Dominance (ბიბ.ჩანაწერი № 54254)

000 -LEADER
fixed length control field 00615nam a2200241Ia 4500
001 - CONTROL NUMBER
control field 21310
003 - CONTROL NUMBER IDENTIFIER
control field GE_BSU
008 - FIXED-LENGTH DATA ELEMENTS--GENERAL INFORMATION
fixed length control field 181216s||||||||xx |||||||||||||| ||und||
020 ## - INTERNATIONAL STANDARD BOOK NUMBER
International Standard Book Number 9780253018700
040 ## - CATALOGING SOURCE
Transcribing agency GE_BSU
080 ## - UNIVERSAL DECIMAL CLASSIFICATION NUMBER
Universal Decimal Classification number 327.1
100 ## - MAIN ENTRY--PERSONAL NAME
Personal name Black, Jeremy M.
245 ## - TITLE STATEMENT
Title Geopolitics and the Quest for Dominance
260 ## - PUBLICATION, DISTRIBUTION, ETC.
Place of publication, distribution, etc. Bloomington
260 ## - PUBLICATION, DISTRIBUTION, ETC.
Name of publisher, distributor, etc. Indiana University Press
260 ## - PUBLICATION, DISTRIBUTION, ETC.
Date of publication, distribution, etc. 2016
300 ## - PHYSICAL DESCRIPTION
Extent 335p. 23cm.
653 ## - INDEX TERM--UNCONTROLLED
Uncontrolled term Geopolitics and the Quest for Dominance
653 ## - INDEX TERM--UNCONTROLLED
Uncontrolled term Геополитика
653 ## - INDEX TERM--UNCONTROLLED
Uncontrolled term გეოპოლიტიკა
942 ## - ADDED ENTRY ELEMENTS (KOHA)
Koha item type წიგნი

არაა ხელმისაწვდომი ეგზემპლარები.